Five Countries on the Least Wikipedias by Continent - Statistics

General Stats
  • This quiz has been taken 103 times
  • The average score is 16 of 30
Answer Stats
# Country % Correct
Oceania 177 Palau, Samoa, Vanuatu
78%
Europe 187 Kosovo
71%
Europe 234 San Marino
67%
Africa 192 São Tomé and Príncipe
67%
North America 171 Saint Kitts and Nevis
66%
Oceania 175 Tuvalu
65%
Africa 197 Comoros
64%
South America 205 Guyana
64%
North America 177 Saint Lucia
64%
South America 205 Suriname
64%
Africa 196 Seychelles
63%
Oceania 161 Federated States of Micronesia
61%
Africa 197 Mauritius
61%
North America 165 Saint Vincent and the Grenadines
61%
South America 218 Paraguay
60%
North America 185 Dominica
59%
Europe 234 Monaco
58%
South America 217 Ecuador
57%
Oceania 168 Marshall Islands
55%
South America 219 Uruguay
55%
Asia 203 East Timor
54%
Europe 228 Montenegro
53%
Oceania 174 Solomon Islands
51%
North America 183 Trinidad and Tobago
48%
Asia 201 Maldives
45%
Africa 187 South Sudan
35%
Asia 210 Kuwait
25%
Asia 209 Taiwan
25%
Asia 209 Oman
24%
Europe 231 Denmark
14%
No matching quizzes found
Score Distribution
Percent of People with Each Score
Percentile by Number Answered
Your Score History
You have not taken this quiz